Sieci Petriego Wprowadzenie

Saved in:
Bibliographic Details
Main Author: Reisig, Wolfgang
Other Authors: Koncewicz-Krzemien, Jowita
Format: Book
Language:Polish
Published: Warszawa Wyd. Naukowo-Techn. 1988
Edition:1. wyd.
Tags: Add Tag
No Tags, Be the first to tag this record!

MARC

LEADER 00000nam a2200000 4500
001 c033646
005 20221219123718.5
041 0 |a pol 
044 |a PL 
245 1 0 |a Sieci Petriego  |b Wprowadzenie  |c Wolfgang Reisig ; [Z angl. prel.] Jowita Koncewicz-Krzemien 
250 |a 1. wyd. 
264 1 |a Warszawa  |b Wyd. Naukowo-Techn.  |c 1988 
300 |a 187 s. 
100 1 |a Reisig, Wolfgang 
700 1 |a Koncewicz-Krzemien, Jowita